Tepelná degradácia izolačných systémov

Podrobná bibliografia
Hlavní autori: Cimbala, Roman, 1962- (Autor), Sklenárová, Vieroslava (Autor)
Médium: Program E-kniha
Jazyk:slovenčina
Fyzický popis:1 elektronický optický disk (CD-ROM) fareb. 12 cm
Vydavateľské údaje: Košice Technická univerzita 2014
ISBN:9788055317038
Vydanie:1. vyd.
Predmet:

MARC

LEADER 00000nam a2200000 a 4500
001 vtls010646609
003 SK-MaSNL
005 20260302013526.0
007 co cg auuua
008 240318s2014 xo | fs 000 0 slo
015 |a SNBS2015 
020 |a 9788055317038  |q (elektronická kniha) 
040 |a SNK  |b slo  |c SNK  |e AACR2 
041 0 |a slo 
044 |a xo  |c SK 
072 7 |a 621.3  |x Elektrotechnika  |2 konspekt 
080 |a 621.315.61  |2 2001 
080 |a 621.315.615  |2 2001 
080 |a 620.193  |2 2001 
080 |a 62:681.518.5  |2 2001 
080 |a 621.3.048  |2 2001 
080 |a (0.034.44)  |2 2001 
080 |a (048.8)  |2 2001 
100 1 |a Cimbala, Roman,  |d 1962-  |4 aut  |9 110453 
245 1 0 |a Tepelná degradácia izolačných systémov  |h elektronický zdroj  |c Roman Cimbala, Vieroslava Sklenárová 
250 |a 1. vyd. 
260 |a Košice  |b Technická univerzita  |c 2014 
300 |a 1 elektronický optický disk (CD-ROM)  |b fareb.  |c 12 cm 
500 |a Názov z titulnej obrazovky 
504 |a Bibliogr. odkazy 
516 |a Textový dokument (monografia), súbor vo formáte pdf 
538 |a Technické požiadavky: PDF prehliadač 
650 0 7 |a dielektriká  |2 SNKPH  |9 19715 
650 0 7 |a kvapalné dielektriká  |2 SNKPH  |9 157215 
650 0 7 |a degradácia materiálov  |2 SNKPH  |9 156563 
650 0 7 |a technická diagnostika  |2 SNKPH  |9 3986 
650 0 7 |a elektrická izolácia  |2 SNKPH  |9 51358 
650 0 7 |a Liquid dielectrics  |2 SNKPHeng  |9 441770 
650 0 7 |a Materials degradation  |2 SNKPHeng  |9 314710 
650 0 7 |a Technical diagnostics  |2 SNKPHeng  |9 274373 
650 0 7 |a Dielectrics  |2 SNKPHeng  |9 321081 
650 0 7 |a Electric insulation  |2 SNKPHeng  |9 314938 
655 7 |a elektronické zdroje  |2 SNKPH  |9 90954 
655 7 |a CD-ROM  |2 SNKPH  |9 70236 
655 7 |a monografie  |2 SNKPH  |9 70139 
655 7 |a Electronic resources  |2 SNKPHeng  |9 175546 
655 7 |a Monographs  |2 SNKPHeng  |9 120675 
700 1 |a Sklenárová, Vieroslava  |4 aut  |9 656972 
919 |a 978-80-553-1703-8 
958 |a NB 
999 |c 1013339  |d 1015269 
952 |a SNK  |b SNK  |y PREZ  |7 0  |p 17A1134624  |o snkSCDM 6995  |i snk2015/846  |8 0  |0 0  |1 0  |4 0  |d 2015-01-14  |l 0  |r 2026-02-24 12:59:50  |w 2026-02-24